Statistics for Harry Potter Quotes

Click here to take the quiz!

General Stats

  • This quiz has been taken 11,094 times
    (11,083 since last reset)
  • The average score is 19 of 34

Answer Stats

Hint Answer % Correct
I don't go looking for trouble. Trouble usually finds me.Harry Potter
95%
Not my daughter, you B****Molly Weasley
93%
In dreams, we enter a world that's entirely our own.Albus Dumbledore
86%
We could all have been killed - or worse, expelled. Now if you don't mind, I'm going to bed.Hermione Granger
81%
Hearing voices no one else can hear isn’t a good sign, even in the wizarding world.Ron Weasley
77%
Longbottom, if brains were gold, you'd be poorer than Weasley, and that's saying something.Draco Malfoy
75%
"A Wrackspurt - they're invisible, they float in through your ears and make your brain go fuzzy," she said. "I thought I felt one zooming around in here.Luna Lovegood
75%
We did it, we bashed them, wee Potter’s the one, and Voldy’s gone moldy, so now let’s have fun!Peeves
71%
Moronic though some of this class undoubtedly are, I expect you to scrape an 'Acceptable' in your O.W.L., or suffer my... displeasure.Severus Snape
71%
NEVER-INSULT-ALBUS-DUMBLEDORE-IN-FRONT-OF-ME!Rubeus Hagrid
71%
Bad news, Harry. I've just been to see Professor McGonagall about the Firebolt...Told me I'd got my priorities wrong. Seemed to think I cared more about winning the Cup than I do about staying alive. Just because I told her I didn't care if it threw you off, as long as you caught the Snitch first.Oliver Wood
67%
We'll send you a Hogwarts toilet seat.George Weasley
67%
Half an inch of skin and sinew holding my neck on, Harry! Most people would think that's good as beheaded, but oh, no, it's not enough for Sir Properly Decapitated-Podmore.Nearly Headless Nick
67%
Okay, who wants to see me take off Snivelly's pants?James Potter
65%
Ten points if you can get it though her stomach! Fifty points if it goes through her head!Moaning Myrtle
65%
What do I care how 'e looks? I am good-looking enough for both of us, I theenk! All these scars show is zat my husband is brave!Fleur Delacour
64%
Not pleasant. And there's no countercurse. There's no blocking it. Only one known person has ever survived it, and he's sitting right in front of me.Madeye Moody
63%
Am I a professor? Goodness. I expect I was hopeless, was I?Gilderoy Lockhart
59%
I think we've outgrown a full-time education.Fred Weasley
58%
If you want to know what a man’s like, take a good look at how he treats his inferiors, not his equals.Sirius Black
58%
He called it my 'furry little problem' in company. Many people were under the impression that I owned a badly behaved rabbit.Remus Lupin
55%
There is no need to tell me any more, Ms. Granger. Which one of you will be dying this year?Professor McGonagall
49%
Never trust anything that can think for itself if you can’t see where it keeps its brain.Arthur Weasley
47%
We had to write about our hero at school, Mr. Mason; I wrote about you.Dudley Dursley
43%
I'll join you when hell freezes over.Neville Longbottom
39%
The Ministry places a rather higher value on my life than yours, I'm afraid.Dolores Umbridge
35%
The trouble is, the other side can do magic too, Prime Minister.Cornelius Fudge
35%
You sort of start thinking anything’s possible if you’ve got enough nerve.Ginny Weasley
27%
There is no good or evil: only power and those too weak to seek it.Professor Quirrell
24%
Never saw one without the other, did you? The number of times I had them in here -- ooh, they used to make me laugh. Quite the double act, Sirius Black and James Potter!Madam Rosmerta
23%
I wouldn't go out with you if it was a choice between you and the giant squid.Lily Evans
21%
Of course I know Dumbledore, who doesn't know Dumbledore?Mrs. Figg
20%
I'm about to become the youngest ever Minister of Magic, I am.Stan Shunpike
18%
Greatness inspires envy, envy engenders spite, spite spawns lies.Lord Voldemort
15%

Score Distribution

Percentile by Number Answered

Percent of People with Each Score

Your Score History

You have not taken this quiz since the last reset